00321nam a2200145Ia 4500008004100000020001800041041000800059082001500067100001600082245002000098260001800118300000800136365001500144700001600159230718s9999 xx 000 0 und d a9788129115799 aeng a975.8bSHA aSharma T.T. aRunning On Full c2010bRupa.Co a209 cRs.b95.00 aSharma T.T.